Macroeconomics / (Record no. 50)

000 -LEADER
fixed length control field 01002cam a2200301 a 4500
003 - CONTROL NUMBER IDENTIFIER
control field OSt
005 - DATE AND TIME OF LATEST TRANSACTION
control field 20210528130634.0
008 - FIXED-LENGTH DATA ELEMENTS--GENERAL INFORMATION
fixed length control field 090821s2010 mauab b 001 0 eng
020 ## - INTERNATIONAL STANDARD BOOK NUMBER
International Standard Book Number 9780136021827
020 ## - INTERNATIONAL STANDARD BOOK NUMBER
International Standard Book Number 0136021824
040 ## - CATALOGING SOURCE
Transcribing agency DLC
050 00 - LIBRARY OF CONGRESS CALL NUMBER
Classification number HB172.5
Item number .H86 2010
100 1# - MAIN ENTRY--PERSONAL NAME
Personal name Hubbard, R. Glenn.
245 10 - TITLE STATEMENT
Title Macroeconomics /
Statement of responsibility, etc. R. Glenn Hubbard, Anthony Patrick O'Brien.
250 ## - EDITION STATEMENT
Edition statement 3rd ed.
260 ## - PUBLICATION, DISTRIBUTION, ETC.
Place of publication, distribution, etc. Boston :
Name of publisher, distributor, etc. Prentice Hall,
Date of publication, distribution, etc. c2010.
300 ## - PHYSICAL DESCRIPTION
Extent xlv, 634 p., [23] p. :
Other physical details ill. (some col.), col. maps ;
Dimensions 28 cm.
504 ## - BIBLIOGRAPHY, ETC. NOTE
Bibliography, etc. note Includes bibliographical references and indexes.
650 #0 - SUBJECT ADDED ENTRY--TOPICAL TERM
Topical term or geographic name entry element Macroeconomics.
700 1# - ADDED ENTRY--PERSONAL NAME
Personal name O'Brien, Anthony Patrick.
906 ## - LOCAL DATA ELEMENT F, LDF (RLIN)
a 7
b cbc
c orignew
d 1
e ecip
f 20
g y-gencatlg
942 ## - ADDED ENTRY ELEMENTS (KOHA)
Source of classification or shelving scheme
Koha item type Book
Holdings
Withdrawn status Lost status Source of classification or shelving scheme Damaged status Not for loan Permanent Location Current Location Shelving location Date acquired Total Checkouts Full call number Barcode Date last seen Price effective from Koha item type Public note
          AU LIBRARY AU LIBRARY Open Shelf 28.05.2021   HB172.5 .H86 2009 28000132 28.05.2021 28.05.2021 Book MW
          AU LIBRARY AU LIBRARY Open Shelf 15.06.2021   HB172.5 .H86 2010 28001301 15.06.2021 15.06.2021 Book SO

Powered by Koha